Players of National Teams - Slovakia - Statistics

General Stats
  • This quiz has been taken 8 times
  • The average score is 18 of 28
Answer Stats
Pos. Team Player % Correct
GK Burnley FC Martin Dúbravka
88%
DM SSC Napoli Stanislav Lobotka
88%
CB Cagliari Calcio Adam Obert
75%
CB Atlético de Madrid Dávid Hancko
75%
FW Middlesbrough FC David Strelec
75%
CB VfL Wolfsburg Denis Vavro
75%
GK Slovan Bratislava Dominik Takac
75%
RW SK Slavia Prague Ivan Schranz
75%
CM Kayserispor László Bénes
75%
LW Feyenoord Leo Sauer
75%
CB Samsunspor Lubomir Satka
75%
LW AC Sparta Prague Lukas Haraslin
75%
GK Al-Ettifaq Marek Rodák
75%
CM FC Toulouse Mario Sauer
75%
CM VfL Bochum Matus Bero
75%
CB Fenerbahçe SK Milan Škriniar
75%
CB Al-Kholood Club Norbert Gyömbér
75%
RB Hertha BSC II Peter Pekarík
75%
FW Stoke City Róbert Boženík
75%
LW Rosenborg BK David Duris
63%
CM FC Viktoria Plzen Patrik Hrosovsky
63%
FW Lechia Gdansk Tomas Bobcek
63%
CM Stoke City Tomas Rigo
63%
RW Holstein Kiel Adrián Kaprálik
50%
CB Heracles Almelo Ivan Mesik
50%
FW AE Larisa Lubomir Tupta
25%
CB Motor Lublin Marek Bartos
0%
CM Al-Ettifaq Ondrej Buda
0%
No matching quizzes found
Score Distribution
Percent of People with Each Score
Percentile by Number Answered
Your Score History
You have not taken this quiz